Place names that contain "Sun" - Statistics

General Stats
  • This quiz has been taken 5 times
  • The average score is 3 of 15
Answer Stats
Clue Answer % Correct
Famous ski resort in Idaho Sun Valley
100%
A city in in Wyoming and Utah. Known for the film festival Sundance
50%
US city in New Mexico that borders Texas and Mexico Sunland Park
25%
One of the US cities that create the Silicon Valley Sunnyvale
25%
A peak of the east side of the Las Vegas Valley Sunrise Mountain
25%
A pair of waterfalls of the Sunwapta River in Jasper National Park, Alberta, Canada Sunwapta Falls
25%
a neighbourhood on Amager in Copenhagen Sundby
0%
Small costal village located in Lancashire, England Sunderland Point
0%
One of Mississipi counties Sunflower County
0%
One of Maldive Islands Sun Island
0%
Taiwanese lake located in Nantou County Sun Moon Lake
0%
Neighborhood in western Queens Sunnyside
0%
A mountain resort In British Colombia, Canada located 410 km from Vancouver Sun Peaks
0%
Cinder cone located north of Flagstaff, erupted in 2015 Sunset Crater
0%
There are many places that contain this word but the famous one is an inlet of Lake Wakatipu and suburb of Queenstown in the South Island of New Zealand Sunshine Bay
0%
No matching quizzes found
Score Distribution
Percent of People with Each Score
Percentile by Number Answered
Your Score History
You have not taken this quiz